[Event "Heusenstamm Sparkassen op-B 5th"]
[Site "Heusenstamm"]
[Date "2018.11.23"]
[Round "2"]
[White "Bergmann, Lennart"]
[Black "Janssen, Norbert"]
[Result "1/2-1/2"]
[WhiteElo "1193"]
[BlackElo "1647"]
[PlyCount "53"]
[EventDate "2018.11.22"]
[EventType "swiss"]
[EventRounds "7"]
[EventCountry "GER"]
[SourceTitle "CBM 187 Extra"]
[Source "ChessBase"]
[SourceDate "2018.11.04"]
[SourceVersion "1"]
[SourceVersionDate "2018.11.04"]
[SourceQuality "1"]

1. e4 e5 2. Nf3 Nf6 3. Nxe5 d6 4. Nf3 Nxe4 5. d4 d5 6. Bd3 Be7 7. 0-0 0-0 8. Qe2 Nf6 9. Bg5 Re8 10. c3 Bg4 11. Nbd2 Nbd7 12. Qd1 c6 13. Qc2 h6 14. Bh4 Bxf3 15. Nxf3 Ne4 16. Bxe7 Rxe7 17. Rfe1 Ndf6 18. Ne5 Qc7 19. Rac1 b5 20. a4 a6 21. b3 Nd6 22. axb5 axb5 23. Ra1 Ree8 24. Ra2 Nd7 25. Nf3 Rxe1+ 26. Nxe1 Rxa2 27. Qxa2 1/2-1/2

[Event "Goch op 27th"]
[Site "Goch"]
[Date "2016.09.02"]
[Round "3"]
[White "Janssen, Norbert"]
[Black "Martino Gross, Peter"]
[Result "0-1"]
[WhiteElo "1855"]
[BlackElo "2037"]
[PlyCount "66"]
[EventDate "2016.09.01"]
[EventType "swiss"]
[EventRounds "7"]
[EventCountry "GER"]
[SourceTitle "EXT 2018"]
[Source "ChessBase"]
[SourceDate "2017.10.13"]
[SourceVersion "1"]
[SourceVersionDate "2017.10.13"]
[SourceQuality "1"]

1. d4 Nf6 2. Bf4 g6 3. e3 Bg7 4. Nf3 0-0 5. Nbd2 d6 6. c3 Nbd7 7. Bc4 c5 8. 0-0 a6 9. a4 h6 10. h3 b6 11. e4 Bb7 12. e5 dxe5 13. dxe5 Nd5 14. Bxd5 Bxd5 15. Re1 Qc8 16. Nf1 Qb7 17. N1h2 Rad8 18. Qc1 Kh7 19. h4 Rfe8 20. Qc2 Be6 21. g4 Bxg4 22. Qe4 Qxe4 23. Rxe4 Bf5 24. Re2 Nf8 25. Kg2 Ne6 26. Bg3 Rd3 27. Rc1 Red8 28. b4 cxb4 29. cxb4 Rb3 30. b5 axb5 31. axb5 Rxb5 32. Nf1 Rb3 33. Ne3 Be4 0-1